Risultati dell'Inter in UEFA Europa League 2016-2017 - Statistics

Statistiche generali
  • Questo quiz è stato fatto 7 volte
  • Il punteggio medio è 3 su 6
Statistiche sulle risposte
Hint Risposta % Corretto
Inter - Sparta Praga 2-1
71%
Inter - Hapoel Be'er Sheva 0-2
57%
Inter - Southampton 1-0
57%
Southampton - Inter 2-1
57%
Hapoel Be'er Sheva - Inter 3-2
57%
Sparta Praga - Inter 3-1
43%
Nessun quiz corrispondente trovato
Distribuzione punteggi
Percentuale di utenti per punteggio
Percentile per numero di risposta
I tuoi punteggi nel tempo
Non hai fatto questo quiz